000 00892cam a22002894a 4500
008
020 _a9780071625517 (pbk.)
049 _aMAIN
090 _aRC58
_bWAI
100 1 _aWaickus, Cynthia.
245 1 0 _aFamily medicine board review /
_cCynthia Waickus, William Schwer and Scott Plantz.
250 _a4th ed.
260 _aNew York :
_bMcGrawHill,
_cc2010.
300 _aix, 575 p. :
_bill. ;
_c28 cm.
490 _aPearls of wisdom.
504 _aIncludes bibliographical references.
500 _aIncludes index.
650 0 _aFamily medicine
_vExaminations, questions, etc.
650 2 _aFamily Practice
_vExamination Questions.
700 _aPlantz, Scott.
700 _aSchwer, William.
907 _a.b10312912
_b29-05-12
_c24-04-12
003
005 20230120204109.0
040 _cNUST
942 _cBOOKS
_kRC58
_mWAI
999 _c117062
_d117062